| 000 | 00622nam a22001937a 4500 | ||
|---|---|---|---|
| 003 | 0 | ||
| 005 | 20250429110836.0 | ||
| 008 | 250426b xxu||||| |||| 00| 0 eng d | ||
| 020 | _a978-621-427-095-8 | ||
| 050 |
_aT 55 _b.M379 2021 |
||
| 100 | _aMartin, Matt | ||
| 245 |
_aSafety management. _cMatt Martin |
||
| 260 |
_aIntramuros, Manila _bUnlimited Books Library Services and Publishing Inc. _c2021 |
||
| 300 |
_aviii, 368 pages; _c25cm. |
||
| 504 | _aIncludes bibliographical references. | ||
| 650 | _aIndustrial safety -- Risk management. | ||
| 650 | _aSafety management -- Workplace safety. | ||
| 942 |
_2lcc _cBK |
||
| 999 |
_c367425 _d367425 |
||